| 000 | 00622nam a2200205Ia 4500 | ||
|---|---|---|---|
| 003 | IEPS | ||
| 005 | 20250703135328.0 | ||
| 008 | 250223s9999||||xx |||||||||||||| ||und|| | ||
| 020 | _a9789774114796 | ||
| 040 | _CIEPS | ||
| 041 | _aara | ||
| 082 | _a617.1 | ||
| 100 | _aبكري محمد قدري | ||
| 245 | 0 | _aالإصابات الرياضية و التأهيل | |
| 260 |
_aالجيزة _bالمكتبة المصرية للنشر و التوزيع _c2011 |
||
| 300 |
_a408 _bجداول _c24 سم. |
||
| 653 | _aالإصابات الرياضية | ||
| 700 | _aجلال الدين علي محمد | ||
| 942 | _cكتاب | ||
| 999 |
_c13780 _d13780 |
||